=LDR 00000nam 2200000 4500 =001 INLIS000000000041911 =005 20200916082756 =035 ##$$a 0010-061300000041911 =008 200916################g##########0#ind## =041 ##$$a ind =082 ##$$a 2x8.9 =090 ##$$a 2x8.9 , Res r =245 ##$$a Respon masyarakat terhadap aliran dan paham keagamaan kontemporer di indonesia, Editor, Nurison m. nuh /$c Editor, Nurison m. nuh =260 ##$$a Jakarta :$b Puslitbang kehidupan keagamaan,$c 2012 =300 ##$$a Xxiv,227 hlm., ; $c 14 x 21 cm =650 #4$$a Aliran dan paham keagamaan kontemporer =850 ##$$a NBPNMAT =020 ##$$a 978-602-8739-04-7 =084 ##$$a 2x8.9 RES =250 ##$$a cet.1 =990 ##$$a 31200299